Songs With American Place Names - Punk/Alt/Indie - Statistics

General Stats
  • This quiz has been taken 70 times
  • The average score is 4 of 15
Answer Stats
Song Title/Year Answer % Correct
California Uber Alles (1980) Dead Kennedys
60%
Fairytale Of New York (1987) Pogues
60%
Frances Farmer Will Have Her Revenge On Seattle (1993) Nirvana
56%
Private Idaho (1980) B-52's
45%
Heaven Or Las Vegas (1990 ) Cocteau Twins
37%
California Sun (1977) Ramones
34%
Washington Bullets (1980) Clash
24%
Tupelo (1985) Nick Cave & The Bad Seeds
23%
Detroit 442 (1977) Blondie
19%
New Amsterdam (1980) Elvis Costello
15%
Delaware (1992) Drop Nineteens
10%
Considering A Move To Memphis (1987) Colorblind James Experience
8%
Memphis Tennessee (1979 - Mute Records) Silicon Teens
8%
Bonkers In Phoenix (1995) The Fall
5%
I'm In Pittsburgh and It's Raining (1985) Vibes
3%
No matching quizzes found
Score Distribution
Percent of People with Each Score
Percentile by Number Answered
Your Score History
You have not taken this quiz